| 000 | 00367nam a2200133Ia 4500 | ||
|---|---|---|---|
| 008 | 260210s9999 xx 000 0 und d | ||
| 024 | _a00A-BS-62 | ||
| 082 | _a004.678072 ASM | ||
| 100 | _aAsma Khalil | ||
| 245 | 0 | _aSearch Zone: web based search engine | |
| 260 |
_aKarachi: _bUITU, _c2000 |
||
| 600 | _aComputer Science | ||
| 650 | _aBachelor of Computer Science (BS) | ||
| 999 |
_c31690 _d31690 |
||